000 02444cam a2200337 4500500
005 20260111094554.0
041 _afre
042 _adc
100 1 0 _aVallez, Jean-Marie
_eauthor
245 0 0 _aLa boucherie rurale en Normandie au xviiie siècle
260 _c2008.
500 _a2
520 _aRésuméL’existence d’une importante boucherie rurale est attestée, dans la Normandie du xviiie siècle, tant par les sources fiscales que par celles émanant des hautes justices. Les maîtres bouchers autorisés à exercer leur activité derrière les étals de près de deux cents bourgs, les jours de marché surtout, sont, comme les simples bouchers de campagne, mais selon des modalités différentes, soumis à une fiscalité spécifique : les droits d’inspecteurs des boucheries institués en 1704. Les déclarations passées par les bouchers et les procédures réprimant leurs fraudes témoignent d’une consommation de viande de boucherie affectée de mouvements saisonniers, avec un déficit de printemps marqué, mais, au total, bien supérieure à ce qui est généralement admis pour les populations rurales d’Ancien Régime.
520 _aOth fiscal sources and high justice testimonies reveal that rural butchering was a significant activity in xviiith century Normandy. Master butchers were licensed to set up their stalls in nearly two hundred towns, especially on market days. Just as common coutry butchers, but according to different rules, they were subject to a specific taxation, the butchering inspection rights, instituted in 1704. The testimonies of butchers and the proceedings against their frauds show that butchered meat consumption followed seasonal cycles, with a marked deficit in the spring, and reached levels well above what is commonly assumed for rural populations under the Old Regime.
690 _abouchers ruraux
690 _abourg
690 _aconsommation de viande
690 _afiscalité
690 _ahautes justices
690 _amarché
690 _aNormandie
690 _ahigh justice
690 _amarkets
690 _ameat consumption
690 _aNormandy
690 _arural butchers
690 _ataxation
690 _atowns
786 0 _nHistoire & Sociétés Rurales | 29 | 1 | 2008-09-01 | p. 73-94 | 1254-728X
856 4 1 _uhttps://shs.cairn.info/revue-histoire-et-societes-rurales-2008-1-page-73?lang=fr&redirect-ssocas=7080
999 _c1628827
_d1628827